00450nam a22001337a 4500003000400000020001800004082001100022100001700033245003700050260002600087300000800113650001600121653017900137SGT a9788190651813 a657.42 aSINGHAL A.K. aBASIC COSTING THEORY & PRACTICE  aNEW DELHI bVEIc2008 a581 aACCOUNTING  aINTRODUCTION: COST ACCOUNTING-MEANING,IMPORTANCE AND EVALUATION, ELEMENTS OF COST AND THEIR CLASSIFICATION, MATERIALS CONTROLS AND VALUATION, LABOUR COST CONTROL, OVERHEADS